000 01622cam a2200457 4500
001 22045
003 VRT
005 20260318094615.0
008 200507s2019 xo gr 000 fdslo
015 _aSNBA2019/05
020 _a9788056903599
_q(viazané)
035 _aurn:nbn:sk:snk-am00dy6j
035 _aurn:nbn:sk:snk-am3i98o
035 _aFEC4C2CF-E744-4C48-86E6-41F3039A1E06
038 _aPPPK
039 9 _a202005070808
_bVLOAD
_c201905021425
_dmsnk21
_c201904291036
_dmsvkbb08
_c201904251033
_dmsvkbb03
040 _aPPPK
_bslo
_cPPPK
_dSNK
_erda
041 0 _aslo
044 _axo
_cSK
072 7 _a821.162.4-3
_xSlovenská próza
_2konspekt
080 _a821.162.4-31
_22011
100 1 _aAnaswah, Ester
_4aut
245 1 0 _aV náručí Araba
_cEster Anaswah
250 _a1. vydanie
264 1 _aBratislava
_bMarenčin PT
_c2019
300 _a157 strán
_c21 cm
336 _atext
_btxt
_2rdacontent
337 _abez média
_bnc
_2rdamedia
338 _azväzok
_bnc
_2rdacarrier
500 _aObsahuje krátke biografické údaje o autorke na prebale publikácie
655 7 _aslovenské romány
_2SNKPH
655 7 _aSlovak fiction
_2SNKPHeng
942 _2ddc
_cKLDO
_n0
949 _617A1364177
_asnkSC 183985
_bsnk2019/11467
_o909/19
_s6100:20190506
949 _617A1364178
_asnkSC 183985 D1
_bsnk2019/11468
_o909/19
949 _6270001000602152
_asvkbbA 157261
_bsvkbbm 783111
949 _62889347383
_asavukPV 28266
_bsavuk2019/2232
949 _6273K0643285
_asvkpoA 241911
_bsvkpo635574
999 _c22045
_d22045